Código procesal penal: anotado y concordado, índice temático alfabético, apéndices
Uloženo v:
| Médium: | Kniha |
|---|---|
| Jazyk: | španělština |
| Vydáno: |
Santiago
LexisNexis
2002
|
| Vydání: | 2a. ed |
| Edice: | Colección Códigos de la República de Chile
|
| Témata: | |
| Tagy: |
Přidat tag
Žádné tagy, Buďte první, kdo vytvoří štítek k tomuto záznamu!
|
MARC
| LEADER | 00000nam a2200000 a 4500 | ||
|---|---|---|---|
| 001 | UCM5665 | ||
| 003 | CL-VaPUC | ||
| 008 | 021018e20020400CL |||||||||||||||||spa|d | ||
| 082 | 0 | 4 | |a 345.8305 |b COD |2 21 |
| 245 | 1 | 0 | |a Código procesal penal: anotado y concordado, índice temático alfabético, apéndices |
| 250 | |a 2a. ed | ||
| 300 | |a 266 p | ||
| 942 | |c BK | ||
| 945 | |d 20021018 00:00:00 |a vberengu | ||
| 260 | |a Santiago |b LexisNexis |c 2002 | ||
| 650 | 0 | |a Derecho procesal penal |9 256392 | |
| 650 | 7 | |a LEGISLACION CHILENA |2 CL-VaPUC |9 404063 | |
| 651 | 7 | |a CHILE |2 CL-VaPUC |9 483863 | |
| 583 | |a last modification |c 20021018 00:00:00 |k Rodrigo Vera | ||
| 490 | 0 | |a Colección Códigos de la República de Chile | |
| 999 | |c 308375 |d 308373 | ||
| 952 | |0 0 |1 0 |2 ddc |4 0 |6 345_830500000000000_COD_2002 |7 0 |8 FOND_LRYV |9 374881 |a BIBDER |b BIBDER |d 2019-11-21 |i 3846229 |o 345.8305 COD 2002 |p 3846229 |r 2023-01-25 |w 2019-11-21 |y BK_X |k DER | ||